Selk nam - onas: : Mensajes desde el fin del mundo /

La llegada a Tierra del Fuego de los primeros pobladores Y su desaparición en solo cuatro años. Sus creencias Y su forma de vida retratadas desde los primeros años del siglo XX hasta nuestros días. La situación actual de los descendientes Y su lucha por preservar sus costumbres Y tradiciones.

Guardado en:
Autor Principal: Rousso, Julián
Autor Corporativo: Canal Encuentro.
Formato: Deslizar
Publicado: Argentina, 2007
Series:Pueblos Originarios I
Materias:
Acceso en línea:https://www.educ.ar/recursos/50512/selk-nam-onas-mensajes-desde-el-fin-del-mundo
Etiquetas: Agregar Etiqueta
Sin Etiquetas, Sea el primero en etiquetar este registro!
LEADER 01249ngm a22003135g 4500
001 CEM.cems023987
008 130507s2007##################0###0#####d
005 20250804182139.0
245 1 0 |a Selk nam - onas: :  |b Mensajes desde el fin del mundo /  |c Julián Rousso. 
260 |a Argentina,  |c 2007 
300 |a 28'. 
490 0 |a Pueblos Originarios I 
538 |a Soporte: DVD - Grabación DRD 
520 |a La llegada a Tierra del Fuego de los primeros pobladores Y su desaparición en solo cuatro años. Sus creencias Y su forma de vida retratadas desde los primeros años del siglo XX hasta nuestros días. La situación actual de los descendientes Y su lucha por preservar sus costumbres Y tradiciones. 
500 |a Consultar en ventanilla. 
100 1 |a Rousso, Julián 
710 2 |a Canal Encuentro. 
082 3 0 |/ ROU-1 
653 |a SOCIEDAD 
653 |a PUEBLOS ORIGINARIOS 
653 |a ABORIGENES 
653 |a INDIGENAS 
653 |a INDIGENISMO 
653 |a ETNIAS 
653 |a ONAS 
653 |a TIERRA DEL FUEGO 
653 |a SERIE DE TELEVISIÓN 
856 |u https://www.educ.ar/recursos/50512/selk-nam-onas-mensajes-desde-el-fin-del-mundo 
859 |a CEMS  |b BIB. CEMS - Depto. Recursos Didacticos  |h 301  |i ROU-1  |k DRD  |p 2630.16  |t Ej.1